000 00849nam a2200277Ia 4500
001 Para_8337
003 CHAP
008 220125s9999 xx 000 0 und d
010 _a207199
040 _cCHAP
082 _aPA-C 595.752 A6
100 _aGillette, C.P.
_9169050
245 _aThe poplar bark aphid (Schizoneura populi n. sp.) /
_c by C.P. Gillette
300 _a4 p.
440 _aAphidae; 12
_9173708
500 _aSobretiro de: Ent. News 19 (1): 1-4, 1908. Encuadernado con otros impresos similares
650 _a
_x Afididos
_x Colecciones de escritos
_x Eriosoma lanigerum
_9173718
710 _aEntomological News 19 (1)
_9173719
901 _aPA-C 595.752 A6
902 _aA
905 _a000000 0000000000 00
910 _a
942 _cPARA
942 _cPARA
_d1
999 _c207199
_d207199